आधुनिक संविधानो के सिद्धान्त और व्यवहार का तुलनात्मक अध्ययन (Record no. 117571)
[ view plain ]
| 000 -LEADER | |
|---|---|
| fixed length control field | 01175nam a2200253Ia 4500 |
| 003 - CONTROL NUMBER IDENTIFIER | |
| control field | OSt |
| 005 - DATE AND TIME OF LATEST TRANSACTION | |
| control field | 20220918111948.0 |
| 008 - FIXED-LENGTH DATA ELEMENTS--GENERAL INFORMATION | |
| fixed length control field | 220915b |||||||| |||| 00| 0 hin d |
| 037 ## - SOURCE OF ACQUISITION | |
| Terms of availability | Textbook |
| 040 ## - CATALOGING SOURCE | |
| Language of cataloging | hin |
| Original cataloging agency | ARTS |
| Transcribing agency | ARTS |
| 041 ## - LANGUAGE CODE | |
| Language code of text/sound track or separate title | hin |
| 100 ## - MAIN ENTRY--PERSONAL NAME | |
| Personal name | शुक्ल, देवी प्रसाद; श्रीवास्तव, बृजेन्द्र कुमार |
| 9 (RLIN) | 11542 |
| 245 #0 - TITLE STATEMENT | |
| Title | आधुनिक संविधानो के सिद्धान्त और व्यवहार का तुलनात्मक अध्ययन |
| 246 ## - VARYING FORM OF TITLE | |
| Title proper/short title | Ādhunik sanvidhāno ke siddhānta aur vyavahār kā tulanātmak adhyayana |
| 260 ## - PUBLICATION, DISTRIBUTION, ETC. | |
| Place of publication, distribution, etc. | भोपाल |
| Name of publisher, distributor, etc. | मध्यप्रदेश हिन्दी ग्रंथ अकादमी |
| Date of publication, distribution, etc. | 1973 |
| 300 ## - PHYSICAL DESCRIPTION | |
| Extent | 663पृ0 |
| Dimensions | cm. |
| 650 ## - SUBJECT ADDED ENTRY--TOPICAL TERM | |
| Topical term or geographic name entry element | विश्व-इतिहास |
| 942 ## - ADDED ENTRY ELEMENTS (KOHA) | |
| Classification part | V1:2.N7, 152L3 |
| Koha item type | Textbook |
| Source of classification or shelving scheme | Colon Classification (CC) |
No items available.
